| 000 | 00815nam a22002177a 4500 | ||
|---|---|---|---|
| 999 |
_c1852 _d1852 |
||
| 005 | 20240227085818.0 | ||
| 008 | 230209b ||||| |||| 00| 0 eng d | ||
| 020 | _a9781108438995 | ||
| 040 | _cKH8 | ||
| 082 | _a495.1 WAN | ||
| 100 |
_aWang, Xixia _eauthor |
||
| 245 |
_aCambridge IGCSE™ Chinese as a Second Language: _bDigital Teacher’s Resource/ _cXixia Wang, Ivy Liu So Ling, Martin Mak |
||
| 260 |
_aCambridge; _bCambridge University Press, . |
||
| 300 | _a1 online resources | ||
| 500 | _aThe only resources designed for the Cambridge IGCSE® Chinese as a Second Language syllabus (0523) for first examination from 2020. | ||
| 650 | _aExamination | ||
| 650 |
_2Chinese language examination _vStudy guides |
||
| 700 |
_aLiu, So Ling Ivy _eauthor |
||
| 700 |
_aMak, Martin _eauthor |
||
| 942 |
_2ddc _cTR |
||